Megatrends 2000 : ten new directories for the 1990's
| Corporate Author: | |
|---|---|
| Other Authors: | |
| Format: | Book |
| Published: |
New York:
Avon Books,
1991.
|
| Subjects: |
| LEADER | 00518cam a2200169 7i4500 | ||
|---|---|---|---|
| 001 | 0000003349 | ||
| 005 | 20100225090000.0 | ||
| 002 | ##000004711 | ||
| 020 | 0 | 0 | |a 0-380-70437-4 |
| 090 | 0 | 0 | |a B 303.4 |b NAI |
| 110 | 1 | 0 | |a Naisbitt,John |
| 245 | 0 | 0 | |a Megatrends 2000 : |b ten new directories for the 1990's |c John Naisbitt & Patricia Aburdene.. |
| 260 | 0 | 0 | |a New York: |b Avon Books, |c 1991. |
| 300 | # | # | |a 416 p.. |
| 650 | 0 | 0 | |a Future in popular culture |
| 700 | 1 | 1 | |a Aburdene |
| 999 | |a 0000004495 |b Book |c Open shelf |e Business Information Centre | ||


